[Event "Goa op"]
[Site "Taleigao"]
[Date "2025.01.14"]
[Round "5"]
[White "Adireddy, Arjun"]
[Black "Anurag, Mhamal"]
[Result "1/2-1/2"]
[WhiteElo "2326"]
[BlackElo "2499"]
[PlyCount "86"]
[EventDate "2025.01.11"]
[EventType "swiss"]
[EventRounds "10"]
[EventCountry "IND"]
[SourceTitle "CB04_2025"]
[SourceDate "2025.01.22"]
[SourceVersion "1"]
[SourceVersionDate "2025.01.22"]
[SourceQuality "1"]

1. e4 e5 2. Nf3 Nc6 3. d4 exd4 4. Nxd4 Qf6 5. Be3 Bc5 6. c3 Nge7 7. Bc4 Ne5 8. Be2 Qg6 9. 0-0 d6 10. f3 0-0 11. Nd2 Kh8 12. Kh1 f5 13. f4 Ng4 14. Bxg4 Qxg4 15. Qxg4 fxg4 16. b4 Bb6 17. a4 d5 18. a5 Bxd4 19. Bxd4 dxe4 20. Nxe4 Nc6 21. Be5 Bf5 22. Nc5 b6 23. Na6 Rac8 24. Rad1 bxa5 25. bxa5 Bc2 26. Rd2 Nxe5 27. Rxc2 Nc4 28. Re2 Nxa5 29. Re7 Nc4 30. Nxc7 Nd2 31. Rf2 Rfd8 32. Rfe2 Nc4 33. Re1 a5 34. Ne8 a4 35. Nxg7 Rf8 36. Nh5 a3 37. Ra7 Ra8 38. Ree7 Rxa7 39. Rxa7 Kg8 40. Rg7+ Kh8 41. Ra7 Kg8 42. Rg7+ Kh8 43. Ra7 Kg8 1/2-1/2

[Event "Goa op"]
[Site "Taleigao"]
[Date "2025.01.13"]
[Round "4"]
[White "Anurag, Mhamal"]
[Black "Mrudul, Dehankar"]
[Result "1-0"]
[WhiteElo "2499"]
[BlackElo "2120"]
[PlyCount "77"]
[EventDate "2025.01.11"]
[EventType "swiss"]
[EventRounds "10"]
[EventCountry "IND"]
[SourceTitle "CB04_2025"]
[SourceDate "2025.01.22"]
[SourceVersion "1"]
[SourceVersionDate "2025.01.22"]
[SourceQuality "1"]

1. e4 c6 2. d4 d5 3. e5 Bf5 4. h4 h5 5. Bd3 Bxd3 6. Qxd3 Qa5+ 7. Nd2 e6 8. Ngf3 Nh6 9. 0-0 Nf5 10. Nb3 Qa6 11. Qd1 b6 12. Bg5 c5 13. dxc5 Bxc5 14. c3 Nc6 15. a4 Rc8 16. Re1 Rc7 17. Nc1 Be7 18. Bxe7 Ncxe7 19. Ne2 Qc4 20. Nfd4 g6 21. Qd2 Nxd4 22. Nxd4 Nf5 23. Rec1 Qc5 24. g3 Kf8 25. Nxf5 gxf5 26. Rd1 Qe7 27. Qe2 Rc4 28. Rd4 Rc5 29. Rad1 Kg7 30. R1d3 Kg6 31. g4 Kg7 32. gxf5 exf5 33. Rg3+ Kf8 34. Rf4 Qe6 35. Rg5 Rc4 36. Qe3 Re4 37. Rxe4 fxe4 38. c4 Rg8 39. Qa3+ 1-0

[Event "Titled Tuesday intern op 09th Feb"]
[Site "Chess.com INT"]
[Date "2021.02.09"]
[Round "3"]
[White "Anurag, Mhamal"]
[Black "Estrada Nieto, Julian"]
[Result "1-0"]
[WhiteElo "2499"]
[BlackElo "2280"]
[PlyCount "77"]
[EventDate "2021.02.09"]
[EventType "swiss (blitz)"]
[EventRounds "11"]
[EventCountry "USA"]
[SourceTitle "EXT 2022"]
[Source "ChessBase"]
[SourceDate "2021.10.06"]
[SourceVersion "1"]
[SourceVersionDate "2021.10.06"]
[SourceQuality "1"]

1. c4 e5 2. g3 Nf6 3. Bg2 d5 4. cxd5 Nxd5 5. Nc3 Nb6 6. Nf3 Nc6 7. a3 Be7 8. d3 0-0 9. Be3 Be6 10. Rc1 Nd5 11. Nxd5 Bxd5 12. 0-0 a5 13. Qa4 Bf6 14. Nd2 Bxg2 15. Kxg2 Nd4 16. Bxd4 exd4 17. Qb5 Ra7 18. Ne4 Be7 19. Qe5 c6 20. Rc4 Re8 21. Rxd4 Qc8 22. Rc1 f5 23. Nd6 Bxd6 24. Qxd6 Rxe2 25. b4 axb4 26. axb4 Raa2 27. Rf4 Qe6 28. Qb8+ Qe8 29. Qxb7 h6 30. Rxf5 Qe3 31. Qb8+ Kh7 32. Rf1 Qxd3 33. Qf4 Qd7 34. h4 Qe6 35. h5 Re4 36. Qf3 Ree2 37. Rf4 Qe4 38. Rxe4 Rxe4 39. Qxe4+ 1-0

[Event "Titled Tuesday intern op 09th Feb"]
[Site "Chess.com INT"]
[Date "2021.02.09"]
[Round "8"]
[White "Anurag, Mhamal"]
[Black "Garcia Blanco, Omar"]
[Result "1-0"]
[WhiteElo "2499"]
[BlackElo "2324"]
[PlyCount "183"]
[EventDate "2021.02.09"]
[EventType "swiss (blitz)"]
[EventRounds "11"]
[EventCountry "USA"]
[SourceTitle "EXT 2022"]
[Source "ChessBase"]
[SourceDate "2021.10.06"]
[SourceVersion "1"]
[SourceVersionDate "2021.10.06"]
[SourceQuality "1"]

1. Nf3 Nf6 2. c4 c5 3. g3 g6 4. Bg2 d6 5. d4 cxd4 6. Nxd4 Bg7 7. Nc3 h5 8. Bg5 0-0 9. 0-0 Nbd7 10. Qd2 Ne5 11. b3 Rb8 12. Rac1 Bd7 13. Rfd1 Nc6 14. Nc2 Re8 15. Ne3 Ng4 16. Ned5 Be6 17. Ne4 Nge5 18. Nf4 Bf5 19. Qe3 Ng4 20. Qd2 f6 21. Bh4 g5 22. Nxg5 fxg5 23. Bxg5 Nf6 24. Bxf6 Bxf6 25. Nxh5 Bg6 26. Qh6 Bxh5 27. Qxh5 Bg7 28. Qg6 e6 29. c5 d5 30. e4 Qf6 31. Qxf6 Bxf6 32. exd5 exd5 33. Bxd5+ Kg7 34. Kg2 Rbc8 35. Rc4 Re7 36. Rg4+ Kh7 37. Be4+ Kh8 38. Bf5 Rd8 39. Rd6 Bg7 40. Rh4+ Kg8 41. Be6+ Kf8 42. Rf4+ Ke8 43. Bg4 Rxd6 44. cxd6 Re5 45. Bh5+ Kd8 46. Bg4 Rd5 47. Rf7 Bh6 48. Rf6 Bg7 49. Rg6 Bf8 50. Rg8 Ke8 51. Bh5+ Kd7 52. Bg4+ Kxd6 53. Rxf8 Rd2 54. a3 Kc7 55. Rf3 Ne5 56. Rc3+ Kb6 57. Bf5 Ra2 58. a4 a5 59. h4 Nc6 60. h5 Nd4 61. Be4 Ne2 62. Re3 Nd4 63. h6 Nc2 64. Bxc2 Rxc2 65. Re6+ Ka7 66. Re8 Rc7 67. g4 Kb6 68. g5 Rh7 69. Kg3 Kc5 70. Re4 b5 71. axb5 Kxb5 72. Kg4 Rd7 73. g6 Rd6 74. Kg5 Rd5+ 75. Kf6 Rd6+ 76. Re6 Rd2 77. f4 Rf2 78. f5 Kb4 79. Rb6+ Kc3 80. Rb8 Kb2 81. h7 Rh2 82. h8Q Rxh8 83. Rxh8 a4 84. g7 a3 85. g8Q a2 86. Qg2+ Ka3 87. Ra8+ Kb4 88. Qd2+ Kb5 89. Ra5+ Kc6 90. Qd5+ Kc7 91. Ra7+ Kb8 92. Qb7# 1-0

[Event "Titled Tuesday intern op 09th Feb"]
[Site "Chess.com INT"]
[Date "2021.02.09"]
[Round "1"]
[White "Anurag, Mhamal"]
[Black "Koval, Artem"]
[Result "1-0"]
[WhiteElo "2499"]
[BlackElo "2211"]
[PlyCount "57"]
[EventDate "2021.02.09"]
[EventType "swiss (blitz)"]
[EventRounds "11"]
[EventCountry "USA"]
[SourceTitle "EXT 2022"]
[Source "ChessBase"]
[SourceDate "2021.10.06"]
[SourceVersion "1"]
[SourceVersionDate "2021.10.06"]
[SourceQuality "1"]

1. c4 e5 2. g3 Nf6 3. Bg2 Nc6 4. Nc3 Bc5 5. d3 d6 6. Nf3 0-0 7. Bg5 h6 8. Bxf6 Qxf6 9. 0-0 Be6 10. Nd2 Qd8 11. Na4 Bb6 12. Rc1 Qd7 13. c5 Bxc5 14. Nxc5 dxc5 15. Rxc5 f6 16. Bxc6 bxc6 17. Qa4 Qd4 18. Qxd4 exd4 19. Rxc6 Bxa2 20. Ra1 Bd5 21. Rxc7 Rfc8 22. Rd7 Be6 23. Re7 Bd5 24. Rd7 Be6 25. Rxd4 Rc2 26. Nf1 Rxe2 27. b4 Rb2 28. Ne3 Bh3 29. Rh4 1-0

[Event "Titled Tuesday intern op 09th Feb"]
[Site "Chess.com INT"]
[Date "2021.02.09"]
[Round "5"]
[White "Mouhamad, Joachin"]
[Black "Anurag, Mhamal"]
[Result "0-1"]
[WhiteElo "2239"]
[BlackElo "2499"]
[PlyCount "32"]
[EventDate "2021.02.09"]
[EventType "swiss (blitz)"]
[EventRounds "11"]
[EventCountry "USA"]
[SourceTitle "EXT 2022"]
[Source "ChessBase"]
[SourceDate "2021.10.06"]
[SourceVersion "1"]
[SourceVersionDate "2021.10.06"]
[SourceQuality "1"]

1. e4 g6 2. d4 Bg7 3. Be3 e6 4. Nc3 Ne7 5. Nf3 d6 6. Qd2 h6 7. e5 Nf5 8. Bf4 Nc6 9. Bb5 Bd7 10. exd6 Nxd6 11. Be2 g5 12. Be3 Nf5 13. 0-0-0 g4 14. Ne5 Nxe3 15. Qxe3 h5 16. h3 Bh6 0-1

[Event "Titled Tuesday intern op 19th Jan"]
[Site "Chess.com INT"]
[Date "2021.01.19"]
[Round "8"]
[White "Anurag, Mhamal"]
[Black "Lazavik, Denis"]
[Result "0-1"]
[WhiteElo "2499"]
[BlackElo "2436"]
[PlyCount "64"]
[EventDate "2021.01.19"]
[EventType "swiss (blitz)"]
[EventRounds "11"]
[EventCountry "USA"]
[SourceTitle "CBM 200 Extra"]
[Source "ChessBase"]
[SourceDate "2021.03.31"]
[SourceVersion "1"]
[SourceVersionDate "2021.03.31"]
[SourceQuality "1"]

1. c4 c6 2. Nf3 d5 3. e3 Nf6 4. b3 Bf5 5. Bb2 e6 6. Be2 Nbd7 7. Nh4 Be4 8. d3 Bg6 9. Nd2 Bd6 10. Nxg6 hxg6 11. h3 Qe7 12. a3 a5 13. Qc2 Be5 14. d4 Bc7 15. e4 dxe4 16. Nxe4 Nxe4 17. Qxe4 Nf6 18. Qe3 0-0 19. h4 Rfe8 20. h5 gxh5 21. Bxh5 e5 22. d5 cxd5 23. Be2 Qd7 24. Qg5 d4 25. Qh4 Kf8 26. 0-0-0 Qf5 27. g4 Qf4+ 28. Kb1 Ne4 29. Bc1 Qxf2 30. Qh8+ Ke7 31. Qxg7 Rg8 32. Rhf1 Rxg7 0-1

[Event "Titled Tuesday intern op 19th Jan"]
[Site "Chess.com INT"]
[Date "2021.01.19"]
[Round "9"]
[White "Mortazavi, Ali"]
[Black "Anurag, Mhamal"]
[Result "0-1"]
[WhiteElo "2333"]
[BlackElo "2499"]
[PlyCount "74"]
[EventDate "2021.01.19"]
[EventType "swiss (blitz)"]
[EventRounds "11"]
[EventCountry "USA"]
[SourceTitle "CBM 200 Extra"]
[Source "ChessBase"]
[SourceDate "2021.03.31"]
[SourceVersion "1"]
[SourceVersionDate "2021.03.31"]
[SourceQuality "1"]

1. e4 g6 2. d4 Bg7 3. Nc3 e6 4. Be3 Ne7 5. f4 d5 6. e5 b6 7. Nge2 Ba6 8. g3 Nd7 9. Bg2 c5 10. 0-0 Nf5 11. Bf2 cxd4 12. Bxd4 Nxd4 13. Qxd4 0-0 14. Kh1 Rc8 15. Qd2 Qe7 16. Rf2 b5 17. a3 Nb6 18. b3 Qc5 19. Rf3 Bb7 20. Nd4 a6 21. g4 Rc7 22. Re1 Nd7 23. b4 Qe7 24. g5 Rfc8 25. Nb3 d4 26. Ne4 Rxc2 27. Qxd4 R8c4 28. Nf6+ Nxf6 29. gxf6 Qe8 30. Qd3 Bxf3 31. Qxf3 R2c3 32. Qd1 Bh6 33. Nc5 Bxf4 34. Qd6 Rc1 35. Rd1 Rxd1+ 36. Qxd1 Rc1 37. Qxc1 Bxc1 0-1

[Event "Titled Tuesday intern op 19th Jan"]
[Site "Chess.com INT"]
[Date "2021.01.19"]
[Round "7"]
[White "Velten, Paul"]
[Black "Anurag, Mhamal"]
[Result "1-0"]
[WhiteElo "2482"]
[BlackElo "2499"]
[PlyCount "93"]
[EventDate "2021.01.19"]
[EventType "swiss (blitz)"]
[EventRounds "11"]
[EventCountry "USA"]
[SourceTitle "CBM 200 Extra"]
[Source "ChessBase"]
[SourceDate "2021.03.31"]
[SourceVersion "1"]
[SourceVersionDate "2021.03.31"]
[SourceQuality "1"]

1. d4 g6 2. c4 Bg7 3. Nf3 e6 4. Nc3 Ne7 5. e4 d6 6. g3 Nd7 7. Bg2 b6 8. 0-0 Bb7 9. Re1 0-0 10. b3 a6 11. Bb2 c5 12. Qd2 Nc6 13. d5 Nd4 14. Nxd4 Bxd4 15. Nd1 Bxb2 16. Nxb2 exd5 17. cxd5 b5 18. Nd3 Qf6 19. Rad1 Rfe8 20. f4 Qd4+ 21. Kh1 Nf6 22. Qc2 Ng4 23. Qe2 c4 24. Qxg4 cxd3 25. Qf3 f5 26. Qxd3 Qxd3 27. Rxd3 fxe4 28. Rxe4 Rxe4 29. Bxe4 Re8 30. Bf3 Re1+ 31. Kg2 b4 32. Rd2 Rc1 33. Kf2 Kf8 34. h4 a5 35. h5 Kf7 36. Be4 Kf6 37. h6 Ba6 38. g4 g5 39. Bxh7 Rf1+ 40. Kg2 gxf4 41. Bf5 f3+ 42. Kg3 Be2 43. h7 Rh1 44. Rc2 Kg5 45. Rc8 Rg1+ 46. Kf2 Rf1+ 47. Ke3 1-0

[Event "Titled Tuesday intern op 12th Jan"]
[Site "Chess.com INT"]
[Date "2021.01.12"]
[Round "4"]
[White "Anurag, Mhamal"]
[Black "Reshef, Omer"]
[Result "1-0"]
[WhiteElo "2499"]
[BlackElo "2495"]
[PlyCount "65"]
[EventDate "2021.01.12"]
[EventType "swiss (blitz)"]
[EventRounds "11"]
[EventCountry "USA"]
[SourceTitle "CBM 200 Extra"]
[Source "ChessBase"]
[SourceDate "2021.03.31"]
[SourceVersion "1"]
[SourceVersionDate "2021.03.31"]
[SourceQuality "1"]

1. Nf3 Nf6 2. g3 g6 3. Bg2 Bg7 4. 0-0 0-0 5. c4 c6 6. Nc3 d5 7. d3 dxc4 8. dxc4 Be6 9. Qa4 Nbd7 10. Rd1 Nb6 11. Rxd8 Nxa4 12. Rxf8+ Kxf8 13. Nxa4 Bxc4 14. Nc5 Bxe2 15. Nd4 Bc4 16. Nxb7 Nd5 17. Nxc6 Rc8 18. Nba5 e6 19. Nxc4 Rxc6 20. Ne3 Nb4 21. Bxc6 Nxc6 22. Rb1 Nb4 23. a3 Nd3 24. b4 Bd4 25. Bd2 e5 26. Nc4 e4 27. Be3 Bc3 28. Bxa7 Ke7 29. b5 Kd7 30. b6 Nc5 31. b7 Nxb7 32. Rxb7+ Kc6 33. Rxf7 1-0

[Event "Titled Tuesday intern op 12th Jan"]
[Site "Chess.com INT"]
[Date "2021.01.12"]
[Round "3"]
[White "Tabak, Stefan"]
[Black "Anurag, Mhamal"]
[Result "0-1"]
[WhiteElo "2139"]
[BlackElo "2499"]
[PlyCount "86"]
[EventDate "2021.01.12"]
[EventType "swiss (blitz)"]
[EventRounds "11"]
[EventCountry "USA"]
[SourceTitle "CBM 200 Extra"]
[Source "ChessBase"]
[SourceDate "2021.03.31"]
[SourceVersion "1"]
[SourceVersionDate "2021.03.31"]
[SourceQuality "1"]

1. e4 g6 2. Nc3 Bg7 3. d4 e6 4. Nf3 Ne7 5. h4 h6 6. h5 g5 7. Be3 d6 8. Bc4 a6 9. Qd2 Nd7 10. Bb3 b5 11. Ne2 Bb7 12. d5 exd5 13. exd5 Nf6 14. 0-0-0 Nexd5 15. Bd4 Ne7 16. Ng3 Bxf3 17. gxf3 c5 18. Bxf6 Bxf6 19. Bd5 Rb8 20. Rhe1 Be5 21. Kb1 0-0 22. Qd3 c4 23. Qe4 Nxd5 24. Rxd5 Qf6 25. Nf5 Rfe8 26. Rdd1 Re6 27. Ne3 Bc3 28. Nd5 Qg7 29. Qxe6 fxe6 30. Rxe6 Be5 31. Re7 Rf8 32. Rxg7+ Kxg7 33. Nc7 Rxf3 34. Nxa6 Rxf2 35. Nc7 g4 36. Nxb5 g3 37. a4 g2 38. Ka2 Rf1 39. Rd2 g1Q 40. Ka3 Ra1+ 41. Kb4 Qc5+ 42. Ka5 d5 43. Rg2+ Kh7 0-1

[Event "Titled Tuesday intern op 21st April"]
[Site "Chess.com INT"]
[Date "2020.04.21"]
[Round "1"]
[White "Anurag, Mhamal"]
[Black "Kanyamarala, Tarun"]
[Result "1/2-1/2"]
[WhiteElo "2499"]
[BlackElo "2384"]
[PlyCount "77"]
[EventDate "2020.04.21"]
[EventType "swiss (blitz)"]
[EventRounds "10"]
[EventCountry "USA"]
[SourceTitle "EXT 2021"]
[Source "ChessBase"]
[SourceDate "2020.10.23"]
[SourceVersion "1"]
[SourceVersionDate "2020.10.23"]
[SourceQuality "1"]

1. e3 d5 2. Nf3 Nf6 3. b3 g6 4. Bb2 Bg7 5. Be2 0-0 6. 0-0 c5 7. c4 dxc4 8. bxc4 Nc6 9. Nc3 b6 10. Ne1 Bb7 11. Bf3 Qd7 12. d4 cxd4 13. exd4 Rfd8 14. Nc2 Rac8 15. Bxc6 Qxc6 16. Ne3 Bh6 17. d5 Qc5 18. Re1 Ba6 19. Qa4 Bxc4 20. Nxc4 Qxc4 21. Qxc4 Rxc4 22. Rxe7 Bf8 23. Rxa7 Nxd5 24. Nxd5 Rxd5 25. Ra8 Ra5 26. Rxa5 bxa5 27. Rc1 Rxc1+ 28. Bxc1 Bc5 29. a4 Kf8 30. Kf1 Ke7 31. Bd2 Bb6 32. Ke2 Ke6 33. Kd3 Kd5 34. f3 f5 35. Bc3 Bc7 36. Bd2 Kc5 37. h3 Kd5 38. Bc3 Bb6 39. Bd2 1/2-1/2

[Event "Titled Tuesday intern op 21st April"]
[Site "Chess.com INT"]
[Date "2020.04.21"]
[Round "6"]
[White "Vajda, Levente"]
[Black "Anurag, Mhamal"]
[Result "0-1"]
[WhiteElo "2534"]
[BlackElo "2499"]
[PlyCount "94"]
[EventDate "2020.04.21"]
[EventType "swiss (blitz)"]
[EventRounds "10"]
[EventCountry "USA"]
[SourceTitle "EXT 2021"]
[Source "ChessBase"]
[SourceDate "2020.10.23"]
[SourceVersion "1"]
[SourceVersionDate "2020.10.23"]
[SourceQuality "1"]

1. e4 g6 2. d4 Bg7 3. Nc3 e6 4. Nf3 Ne7 5. Be2 d6 6. 0-0 Nd7 7. a4 a6 8. a5 0-0 9. h3 h6 10. Be3 f5 11. Qd2 g5 12. exf5 exf5 13. Bc4+ Kh8 14. Bxg5 hxg5 15. Qxg5 Ng8 16. Qh5+ Bh6 17. Rae1 Ndf6 18. Qg6 Qd7 19. Be6 Qh7 20. Nh4 Bd2 21. Qxh7+ Kxh7 22. Re2 Bxc3 23. bxc3 Ne4 24. Bxc8 Raxc8 25. Nxf5 Nxc3 26. Re3 Nd5 27. Rf3 Nh6 28. Ne3 Rxf3 29. gxf3 Nf4 30. Kh2 Kg7 31. Rg1+ Kf7 32. Rb1 Rb8 33. c4 Ng8 34. d5 Nf6 35. Rb4 Nd7 36. c5 Nd3 37. Rh4 N3xc5 38. Rh7+ Kg6 39. Re7 Kf6 40. Rh7 b5 41. Rh4 b4 42. Ng4+ Kg7 43. Rh5 b3 44. Rg5+ Kf7 45. Ne3 b2 46. Rg1 b1Q 47. Rxb1 Rxb1 0-1

[Event "Titled Tuesday intern op 14th April"]
[Site "Chess.com INT"]
[Date "2020.04.14"]
[Round "5"]
[White "Al Tarbosh, Ward"]
[Black "Anurag, Mhamal"]
[Result "1/2-1/2"]
[WhiteElo "2234"]
[BlackElo "2499"]
[PlyCount "166"]
[EventDate "2020.04.14"]
[EventType "swiss (blitz)"]
[EventRounds "10"]
[EventCountry "USA"]
[SourceTitle "EXT 2021"]
[Source "ChessBase"]
[SourceDate "2020.10.23"]
[SourceVersion "1"]
[SourceVersionDate "2020.10.23"]
[SourceQuality "1"]

1. d4 Nf6 2. Nf3 c5 3. Nc3 cxd4 4. Nxd4 d5 5. Bg5 e6 6. e4 dxe4 7. Bb5+ Bd7 8. 0-0 Be7 9. Qe2 0-0 10. Nxe4 Nxe4 11. Bxe7 Nc3 12. bxc3 Qxe7 13. Bd3 Nc6 14. Rab1 Nxd4 15. cxd4 Bc6 16. c4 Qf6 17. d5 exd5 18. cxd5 Rfe8 19. Qh5 g6 20. Qg4 Bxd5 21. h4 h5 22. Qb4 Rad8 23. Rbe1 Rxe1 24. Rxe1 Bxa2 25. Bc2 Bd5 26. Qa5 Qb6 27. Qxb6 axb6 28. Rd1 Rd7 29. Ba4 Bc6 30. Rxd7 Bxa4 31. Rxb7 b5 32. Kf1 Kg7 33. Ke2 Bb3 34. Ke3 Bc4 35. Kd4 Kf6 36. f3 Kf5 37. g3 f6 38. Rc7 Be2 39. Rc5+ Ke6 40. Ke3 Bc4 41. g4 Kd6 42. Rc8 hxg4 43. fxg4 Be6 44. Rb8 Bxg4 45. Rxb5 Bh5 46. Kf4 Ke6 47. Rb6+ Kf7 48. Rb7+ Ke6 49. Rb6+ Kf7 50. Rb7+ Ke6 51. Rg7 Kd6 52. Rh7 Ke6 53. Rh6 Kf7 54. Rh7+ Ke6 55. Rc7 Kd6 56. Ra7 Ke6 57. Ra6+ Ke7 58. Ra7+ Ke6 59. Ra6+ Kf7 60. Ke4 Ke7 61. Kd5 Bf3+ 62. Kd4 Be2 63. Ra7+ Ke6 64. Ke3 Bh5 65. Kf4 Kd6 66. Ra6+ Ke7 67. Ra5 Be2 68. Ra3 Bh5 69. Re3+ Kd6 70. Rg3 Ke6 71. Ke4 Kd6 72. Rg1 Ke6 73. Kf4 Kd6 74. Rb1 Ke6 75. Rb5 Kd6 76. Rxh5 gxh5 77. Kf5 Ke7 78. Kg6 Ke6 79. Kxh5 Kf7 80. Kh6 f5 81. Kg5 f4 82. Kxf4 Kg7 83. Kg5 Kh7 1/2-1/2

[Event "Titled Tuesday intern op 14th April"]
[Site "Chess.com INT"]
[Date "2020.04.14"]
[Round "4"]
[White "Anurag, Mhamal"]
[Black "Kaufman, Raymond"]
[Result "1-0"]
[WhiteElo "2499"]
[BlackElo "2255"]
[PlyCount "39"]
[EventDate "2020.04.14"]
[EventType "swiss (blitz)"]
[EventRounds "10"]
[EventCountry "USA"]
[SourceTitle "EXT 2021"]
[Source "ChessBase"]
[SourceDate "2020.10.23"]
[SourceVersion "1"]
[SourceVersionDate "2020.10.23"]
[SourceQuality "1"]

1. e4 e5 2. Nf3 Nc6 3. Bc4 Nf6 4. d3 Be7 5. 0-0 0-0 6. a4 d6 7. Nbd2 h6 8. Re1 Re8 9. c3 Bf8 10. Qb3 Qe7 11. a5 a6 12. Nf1 g6 13. Ne3 Qd8 14. h3 Bg7 15. Nh2 Rb8 16. Nhg4 Nxg4 17. Bxf7+ Kf8 18. Bxe8 Qxe8 19. Nxg4 Be6 20. Qc2 1-0

[Event "Titled Tuesday intern op 14th April"]
[Site "Chess.com INT"]
[Date "2020.04.14"]
[Round "8"]
[White "Anurag, Mhamal"]
[Black "Sieciechowicz, Marcin"]
[Result "1/2-1/2"]
[WhiteElo "2499"]
[BlackElo "2372"]
[PlyCount "86"]
[EventDate "2020.04.14"]
[EventType "swiss (blitz)"]
[EventRounds "10"]
[EventCountry "USA"]
[SourceTitle "EXT 2021"]
[Source "ChessBase"]
[SourceDate "2020.10.23"]
[SourceVersion "1"]
[SourceVersionDate "2020.10.23"]
[SourceQuality "1"]

1. e4 e6 2. d4 d5 3. Nd2 c5 4. Ngf3 cxd4 5. Nxd4 Nc6 6. Bb5 Bd7 7. Nxc6 Bxc6 8. Bd3 Nf6 9. Qe2 Be7 10. 0-0 dxe4 11. Nxe4 0-0 12. Bg5 Nxe4 13. Bxe7 Qxe7 14. Bxe4 Bxe4 15. Qxe4 Rfd8 16. Rfd1 h6 17. g3 Qc7 18. c3 a6 19. Kf1 g6 20. h4 Kg7 21. Ke2 b6 22. Rac1 e5 23. Rxd8 Rxd8 24. Rd1 f5 25. Qe3 Qc4+ 26. Ke1 Rxd1+ 27. Kxd1 Qc5 28. Qxc5 bxc5 29. b4 cxb4 30. cxb4 Kf6 31. Kd2 Ke6 32. a4 Kd5 33. Kd3 g5 34. hxg5 hxg5 35. Kc3 e4 36. b5 axb5 37. axb5 f4 38. gxf4 gxf4 39. b6 Kc6 40. Kd4 e3 41. fxe3 fxe3 42. Kxe3 Kb7 43. Kd4 Kxb6 1/2-1/2

[Event "IND-ch 57th"]
[Site "Majitar"]
[Date "2019.12.19"]
[Round "11"]
[White "Anurag, Mhamal"]
[Black "Saravana, Krishnan P"]
[Result "1-0"]
[WhiteElo "2490"]
[BlackElo "2304"]
[PlyCount "123"]
[EventDate "2019.12.10"]
[EventType "swiss"]
[EventRounds "11"]
[EventCountry "IND"]
[SourceTitle "CBM 193 Extra"]
[Source "ChessBase"]
[SourceDate "2020.01.31"]
[SourceVersion "1"]
[SourceVersionDate "2020.01.31"]
[SourceQuality "1"]

1. e4 e6 2. d4 d5 3. Bd3 c5 4. exd5 exd5 5. Nf3 c4 6. Be2 Nf6 7. b3 cxb3 8. axb3 Nc6 9. 0-0 Bd6 10. c4 h6 11. Nc3 0-0 12. cxd5 Ne7 13. Ne5 Nexd5 14. Nxd5 Nxd5 15. Bc4 Be6 16. Qf3 Be7 17. Bb2 a6 18. Qe4 Rb8 19. Qf3 Re8 20. Rfe1 Rf8 21. Re2 Rc8 22. h3 Rc7 23. Rf1 Bg5 24. Ree1 b5 25. Bd3 Nf4 26. Be4 f5 27. Bc6 Nd5 28. g3 Qd6 29. Ba3 b4 30. Bxd5 Bxd5 31. Bxb4 Qe6 32. Qh5 Rb8 33. Nc4 Qc6 34. Ne5 Qf6 35. Nd7 Rxd7 36. Re8+ Kh7 37. Rxb8 Qxd4 38. Qe8 Bf7 39. Bc3 Bxe8 40. Bxd4 Bf7 41. Be5 a5 42. Rb5 Bd8 43. Bc3 f4 44. Bxa5 Bxa5 45. Rxa5 Bxb3 46. gxf4 Rf7 47. Re1 Rxf4 48. Ra7 Bf7 49. Ree7 Kg6 50. Kg2 Bd5+ 51. Kf1 Rf7 52. Rxf7 Bxf7 53. Ra6+ Kg5 54. h4+ Kxh4 55. Ra7 Bg6 56. Rxg7 Kg5 57. Ke2 h5 58. Kf3 h4 59. Rg8 Kf5 60. Kg2 Bf7 61. Rf8 Kg6 62. Kh3 1-0

[Event "IND-ch 57th"]
[Site "Majitar"]
[Date "2019.12.15"]
[Round "7"]
[White "Anurag, Mhamal"]
[Black "Girinath, PDS"]
[Result "1-0"]
[WhiteElo "2490"]
[BlackElo "2330"]
[PlyCount "97"]
[EventDate "2019.12.10"]
[EventType "swiss"]
[EventRounds "11"]
[EventCountry "IND"]
[SourceTitle "CBM 193 Extra"]
[Source "ChessBase"]
[SourceDate "2020.01.31"]
[SourceVersion "1"]
[SourceVersionDate "2020.01.31"]
[SourceQuality "1"]

1. e4 e6 2. d4 d5 3. Nd2 Nf6 4. e5 Nfd7 5. Bd3 c5 6. c3 Nc6 7. Ngf3 f6 8. exf6 Qxf6 9. 0-0 Bd6 10. Re1 h6 11. Qe2 Nb6 12. dxc5 Bxc5 13. a4 a5 14. Nb3 Bd6 15. Qe3 Bc7 16. Nbd4 Nxd4 17. Nxd4 e5 18. Nb5 Bb8 19. Qc5 Qc6 20. Be3 Qxc5 21. Bxc5 Nd7 22. Nd6+ Bxd6 23. Bxd6 e4 24. f3 Nf6 25. fxe4 dxe4 26. Bxe4 Nxe4 27. Rxe4+ Kf7 28. Re7+ Kg6 29. Be5 Rg8 30. Re1 Ra6 31. Bd4 Rd6 32. R1e5 b6 33. Rb5 Bd7 34. Rxb6 Rxb6 35. Bxb6 Bxa4 36. Bxa5 Re8 37. Rxe8 Bxe8 38. Kf2 Kf5 39. Ke3 Ke5 40. c4 g5 41. Bc3+ Kd6 42. Kd4 Bh5 43. b4 Be2 44. b5 h5 45. Bd2 g4 46. Bf4+ Kd7 47. g3 Kc8 48. Kc5 Kb7 49. Kb4 1-0

[Event "IND-ch 57th"]
[Site "Majitar"]
[Date "2019.12.13"]
[Round "5"]
[White "Anurag, Mhamal"]
[Black "Muthaiah, Al"]
[Result "1-0"]
[WhiteElo "2490"]
[BlackElo "2363"]
[PlyCount "89"]
[EventDate "2019.12.10"]
[EventType "swiss"]
[EventRounds "11"]
[EventCountry "IND"]
[SourceTitle "CBM 193 Extra"]
[Source "ChessBase"]
[SourceDate "2020.01.31"]
[SourceVersion "1"]
[SourceVersionDate "2020.01.31"]
[SourceQuality "1"]

1. Nf3 d5 2. g3 g6 3. c4 c6 4. Qa4 dxc4 5. Qxc4 Bg7 6. Bg2 Nf6 7. Nc3 0-0 8. d3 Nd5 9. 0-0 e5 10. Bg5 f6 11. e4 fxg5 12. exd5 cxd5 13. Qxd5+ Qxd5 14. Nxd5 g4 15. Ng5 Nc6 16. Nc7 Rb8 17. Bd5+ Kh8 18. Nf7+ Kg8 19. Nxe5+ Kh8 20. Nf7+ Kg8 21. Ng5+ Kh8 22. Nce6 Rf5 23. Be4 Rb5 24. Nf7+ Kg8 25. Nd6 Rxb2 26. Nxg7 Kxg7 27. Rab1 Rxb1 28. Rxb1 Na5 29. Rc1 Be6 30. Rc7+ Kf6 31. a3 Ke5 32. Nf7+ Kf6 33. Nd6 Ke5 34. Nxb7 Nxb7 35. Bxb7 Bf5 36. Rxh7 Bxd3 37. h3 g5 38. Re7+ Kf6 39. Re3 Rxb7 40. Rxd3 gxh3 41. g4 Rh7 42. Rf3+ Kg6 43. Kh2 Rh4 44. Rg3 a5 45. Rg1 1-0

[Event "IND-ch 57th"]
[Site "Majitar"]
[Date "2019.12.12"]
[Round "4"]
[White "Sriram, Jha"]
[Black "Anurag, Mhamal"]
[Result "0-1"]
[WhiteElo "2384"]
[BlackElo "2490"]
[PlyCount "96"]
[EventDate "2019.12.10"]
[EventType "swiss"]
[EventRounds "11"]
[EventCountry "IND"]
[SourceTitle "CBM 193 Extra"]
[Source "ChessBase"]
[SourceDate "2020.01.31"]
[SourceVersion "1"]
[SourceVersionDate "2020.01.31"]
[SourceQuality "1"]

1. Nf3 Nf6 2. g3 c5 3. c4 Nc6 4. Bg2 e5 5. Nc3 g6 6. 0-0 Bg7 7. e3 0-0 8. d4 d6 9. d5 Na5 10. Nd2 Bg4 11. f3 Bd7 12. a3 Rc8 13. Qc2 h5 14. Rb1 Bh6 15. Qd3 b5 16. b3 a6 17. Bb2 Bf5 18. e4 Bd7 19. f4 h4 20. Nd1 hxg3 21. hxg3 Nh5 22. fxe5 Qg5 23. Bc3 Nb7 24. exd6 Nxd6 25. Kh2 Rb8 26. Rf2 bxc4 27. bxc4 Rxb1 28. Nxb1 f5 29. Nd2 f4 30. gxf4 Qh4+ 31. Kg1 Nxf4 32. Qf1 Bh3 33. Nf3 Qg3 34. Be5 Nxe4 35. Rb2 Bxg2 36. Rxg2 Nh3+ 37. Kh1 Rxf3 38. Qe2 Nef2+ 39. Nxf2 Nxf2+ 40. Kg1 Nh3+ 41. Kh1 Qh4 42. Bh2 Re3 43. Rxg6+ Kf7 44. Qc2 Nf2+ 45. Kg1 Re1+ 46. Kg2 Qh3+ 47. Kxf2 Rf1+ 48. Ke2 Qf3# 0-1